Flaggen Afrikas (zufällige Reihenfolge) - Statistiken

Allgemein
  • Dieses Quiz wurde 159 mal gespielt
  • Das Durchschnittsergebnis liegt bei 41 aus 54
Antwortstatistiken
Bildquiz Antwort % Korrekt
Algerien
96%
Marokko
94%
Ägypten
93%
Tunesien
93%
Elfenbeinküste
89%
Südafrika
89%
Angola
88%
Nigeria
87%
Seychellen
87%
Somalia
86%
Kenia
84%
Niger
84%
Sudan
84%
Tschad
84%
Uganda
84%
Lesotho
83%
Kap Verde
81%
Zentralafrikanische Republik
81%
Liberia
80%
Demokratische Republik Kongo
78%
Eswatini
78%
Kamerun
78%
Botswana
77%
Libyen
77%
Tansania
77%
Äthiopien
75%
Mali
75%
Mauretanien
75%
Mosambik
75%
Senegal
75%
Südsudan
75%
Madagaskar
73%
Eritrea
72%
Malawi
72%
Namibia
71%
Burkina Faso
70%
Ghana
70%
Republik Kongo
70%
Sambia
70%
Burundi
67%
Sierra Leone
67%
Komoren
66%
Simbabwe
66%
Äquatorial-Guinea
65%
Ruanda
63%
Benin
61%
Mauritius
61%
Togo
61%
São Tomé und Príncipe
60%
Gambia
59%
Dschibuti
57%
Gabun
55%
Guinea-Bissau
55%
Guinea
54%
Keine übereinstimmenden Quizze gefunden
Verteilung der Resultate
Anzahl Personen mit jedem Resultat
Perzentil nach korrekt beantworteten Fragen
Ihre Resultats-Entwicklung
Sie haben dieses Quiz noch nicht gespielt